Eight skilled gentlemen

Bibliographic Details
Main Author: Hughart, Barry
Format: Book
Published: London : Bantam Press , 1991
Subjects:

MARC

LEADER 00000cam a2200000 7i4500
001 0000001009
002 000001118
005 20000330.0
020 |a 0593023161 
090 0 0 |a F   |b HUG 
100 1 |a Hughart, Barry 
245 1 0 |a Eight skilled gentlemen   |c Barry Hughart 
260 |a London :   |b Bantam Press ,   |c 1991 
300 |a 256p ;   |c 21cm. 
650 0 0 |a Occult 
999 |a 030230   |b BUKU   |c PINJAMAN   |e PERPUSTAKAAN KOMUNITI PETALING JAYA 
999 |a 030231   |b BUKU   |c PINJAMAN   |e PERPUSTAKAAN KOMUNITI PETALING JAYA 
999 |a 030232   |b BUKU   |c PINJAMAN   |e PERPUSTAKAAN KOMUNITI PETALING JAYA